Vazodilatačné beta-blokátory a ich miesto v liečbe hypertenzie a srdcového zlyhania

Bibliographic Details
Main Author: Kostiuk, Pavel, 1946- (Author)
Format: Article
Language:Slovak

MARC

LEADER 00000nab a2200000ua 4500
001 vtls010857217
003 SK-MaSNL
005 20260303110150.0
008 230121s2008 xo |||||||||||||||||slo|
035 |a (urnnbn)urn:nbn:sk:snk:ar-a07ltu 
035 |a urn:nbn:sk:snk-ab6g4o 
035 |a (uuid)a7cc0f55-b1c3-402f-b684-73f30e59f749 
040 |a SNKBUCL  |b slo  |c SNKBUCL  |e AACR2 
041 0 |a slo 
044 |a xo  |c SK 
100 1 |a Kostiuk, Pavel,  |d 1946-  |4 aut  |9 196029 
245 1 0 |a Vazodilatačné beta-blokátory a ich miesto v liečbe hypertenzie a srdcového zlyhania  |c Pavel Kostiuk 
773 0 |t Medinews : časopis pre lekárov  |g Roč. 6, č. 4 (2008), s. 175-[176] 
954 |a odborná, vedecká literatúra pôvodná (slovenská)  |2 lita 
958 |a OND 
958 |a EUIPO 
958 |a article5 
999 |c 1868413  |d 1870343